| 000 | 00379 a2200133 4500 | ||
|---|---|---|---|
| 005 | 20250625042251.0 | ||
| 020 | _a0-07-225862-4 | ||
| 082 | _a005.74 ALA | ||
| 100 | _aALAPATI, R. S. | ||
| 245 | _aOCP Oracle Database 10g New Features for Administrators Exam Guide | ||
| 260 |
_aNew York _bMcGraw-Hill _c2004. |
||
| 300 |
_axxxvi, 649p. _bGlossary and Index _c23cm |
||
| 942 |
_2ddc _cBKS |
||
| 999 |
_c4890 _d4890 |
||